000 00228 a2200097 4500
001 59727
100 _a
245 _aWeb Engineering; A Practitioner's Approach
260 _aNew York
_bMc Graw Hill
_c2009
090 _c36609
_d36609
942 _aNUST-CAE
_c
_c29568
999 _c294800
_d294800